Score 0/20 Timer 03:00
0 Plays Today
Song Missing Word % Correct
Boy From New ____ CityYork
95.1%
The Boys are Back in _____Town
94.4%
Boys Don't _____Cry
89.6%
Boyz-n-the _____Hood
85.3%
Let's _____ It for the BoyHear
79.9%
A Boy Named _____Sue
79.2%
The Little ______ BoyDrummer
78.1%
_____ & BoysGirls
73.2%
Thank God I'm a _____ BoyCountry
72.8%
I Know What Boys _____Like
71.4%
Song Missing Word % Correct
The Boys of _____Summer
70.1%
The Boy Is _____Mine
68.5%
My Blue Ridge _____ BoyMountain
54.8%
Boys 'Round _____Here
53.8%
_____ in the Boy's RoomSmokin'
46.6%
_____ of the BoysOne
36.9%
_____ That (Soulja Boy)Crank
30.6%
_____ BoyRude
30.5%
The _____ BoysWild
20.6%
I _____ a BoyFound
5.7%

Today's Daily Dose

Remove Ads.
Support Sporcle.
Get the best of Sporcle when you Go Orange. This ad-free experience offers more features, more stats, and more fun while also helping to support Sporcle. Thank you for becoming a member.

You're not logged in!

Compare scores with friends on all Sporcle quizzes.
OR
Log In

Show Comments

Extras

Top Quizzes Today


Score Distribution

Your Account Isn't Verified!

In order to create a playlist on Sporcle, you need to verify the email address you used during registration. Go to your Sporcle Settings to finish the process.

Report this User

Report this user for behavior that violates our Community Guidelines.

Details: